Jetpunk Badges I Have ( No Clues ) - Statistics

General Stats
  • This quiz has been taken 18 times
    11 since last reset
  • The average score is 7 of 22
Answer Stats
Answer % Correct
196
70%
british
70%
germany
70%
usa
70%
china
40%
flag
40%
france
40%
history
40%
italy
40%
spain
40%
welcome
30%
cities
20%
language
20%
population
20%
puzzle
20%
words
20%
world capitals
20%
border
10%
island
10%
picture
10%
satelite
10%
state trivia
10%
No matching quizzes found
Score Distribution
Percent of People with Each Score
Percentile by Number Answered
Your Score History
You have not taken this quiz since the last reset